Návrh konštrukcie prototypu záchranárskej vlečky

Gespeichert in:
Bibliographische Detailangaben
1. Verfasser: Špánik, Juraj (Verfasst von)
Weitere Verfasser: Kleinedlerová, Ivana (Betreuung Doktorarbeit)
Format: Manuskript Buch
Sprache:Slowakisch
Veröffentlicht: 2017
Schlagworte:
Online-Zugang:http://is.stuba.sk/zp/portal_zp.pl?podrobnosti=126206
Tags: Tag hinzufügen
Keine Tags, Fügen Sie das erste Tag hinzu!

MARC

LEADER 00000ntm a22000003a 4500
001 stuzp62636
003 SK-STU
005 20170610210622.3
007 ta
008 150427s2015----xo-----f-mn---000-0-slo-d
040 |a STU  |b slo 
041 0 |a slo 
100 1 |a Špánik, Juraj  |u 063000  |k Z4  |4 aut  |U MTF Materiálovotechnologická fakulta  |T MTF Ústav výrobných technológií  |X 46845  |U M3000  |Y 83  |7 46845 
242 0 1 |a Projection of a rescue render prototype  |y eng 
245 1 0 |a Návrh konštrukcie prototypu záchranárskej vlečky 
260 |c 2017 
650 4 |a vlečka  |2 slo 
650 4 |a tunel Branisko  |2 slo 
650 4 |a konštrukcia vlečky  |2 slo 
650 4 |a simulácia zaťaženia.  |2 slo 
650 4 |a load simulation  |2 eng 
650 4 |a rescue render  |2 eng 
650 4 |a Branisko tunnel  |2 eng 
650 4 |a render construction  |2 eng 
700 1 |a Kleinedlerová, Ivana  |u 063600  |k Z1  |4 ths  |U MTF Ústav výrobných technológií  |T MTF Katedra obrábania a tvárnenia  |X 31789  |U M3600  |Y 841  |7 A000031789 
856 4 |u http://is.stuba.sk/zp/portal_zp.pl?podrobnosti=126206 
996 |c M* DP-13121  |l MMSKP  |s P  |a 0  |w stuzp62636_0001